000
00362nam a2200157Ia 4500
008
230512s9999 xx 000 0 und d
041
_a
eng
100
_a
PATIL J & ETC
245
_a
12th ANNUAL REPORT 2005-2006
250
_a
1
260
_b
NAAC BANGALORE
300
_a
70
500
_a
Paper Back
520
_a
Reference Copy
650
_a
Reference Book
999
_c
407159
_d
407159